Statistiques concernant Chansons de Nekfeu

Cliquez ici pour prendre le quiz!

Statistiques générales

  • Ce quiz a été pris 114 fois
  • Le résultat moyen est 34 sur 98

Statistiques - réponses

AlbumRéponse% Correct
FeuOn verra
82%
CyborgGalatée
78%
CyborgHumanoïde
77%
FeuPrincesse
75%
FeuEgérie
73%
Les étoiles vagabondes : expansionElle pleut
73%
Les étoiles vagabondes : expansionTricheur
73%
Les étoiles vagabondes : expansionDans l'univers
69%
CyborgSqua
67%
CyborgAvant tu riais
66%
FeuMartin Eden
64%
FeuRisibles amours
63%
CyborgSaturne
63%
CyborgEsquimaux
60%
FeuReuf
60%
Les étoiles vagabondes : expansionLes étoiles vagabondes
59%
FeuMa dope
59%
Les étoiles vagabondes : expansionAlunissons
57%
CyborgMauvaise graine
57%
FeuTempête
57%
Les étoiles vagabondes : expansionÉcrire
55%
Feu (Ré-édition)Plume
54%
CyborgVinyle
54%
Les étoiles vagabondes : expansionMenteur menteur
52%
Les étoiles vagabondes : expansionCiel noir
51%
Les étoiles vagabondes : expansionCheum
48%
Les étoiles vagabondes : expansionKen kaneki
48%
CyborgO.D
48%
CyborgRéalité augmentée
48%
FeuLe horla
47%
Les étoiles vagabondes : expansionRouge à lèvres
47%
Les étoiles vagabondes : expansionTakotsubo
47%
Les étoiles vagabondes : expansionSous les nuages
46%
Les étoiles vagabondes : expansion1er rôle
45%
Les étoiles vagabondes : expansionChanson d'amour
45%
CyborgNekketsu
45%
Les étoiles vagabondes : expansionKoala mouillé
42%
Les étoiles vagabondes : expansionPremier pas
42%
Les étoiles vagabondes : expansionDe mon mieux
41%
Les étoiles vagabondes : expansionDe mes cendres
40%
Les étoiles vagabondes : expansionVoyage léger
40%
Les étoiles vagabondes : expansionÀ la base
38%
FeuMon âme
38%
FeuRêve d'avoir des rêves
37%
Les étoiles vagabondes : expansionJeux vidéo et débats
36%
Les étoiles vagabondes : expansionCompte les hommes
35%
CyborgBesoin de sens
34%
Les étoiles vagabondes : expansionEnergie sombre
34%
En sous-marinInterlude
34%
Les étoiles vagabondes : expansionLe bruit qui court
34%
Les étoiles vagabondes : expansionPixels
34%
FeuAu coeur du G
32%
Feu (Ré-édition)La ballade du Frémont
32%
Feu (Ré-édition)7:77am
31%
FeuEtre humain
31%
Les étoiles vagabondes : expansionOui et non
31%
Les étoiles vagabondes : expansionNatsukashii
30%
FeuElle en avait envie
29%
CyborgLe regard des gens
29%
FeuNique les clones, Pt.II
29%
CyborgProgrammé
29%
Les étoiles vagabondes : expansionInterlude Fifty
27%
Les étoiles vagabondes : expansionNouvel homme
27%
Les étoiles vagabondes : expansionL'air du temps
26%
Les étoiles vagabondes : expansionCDGLAXJFKHNDATH
25%
FeuLaisse aller
25%
FeuLa moue des morts
25%
FeuPoint d'interrogation
24%
FeuJeux d'ombres
23%
Feu (Ré-édition)Pars avec moi
23%
Les étoiles vagabondes : expansionDernier soupir
22%
Feu (Ré-édition)Deux-Trois
21%
Feu (Ré-édition)Question d'honneur
19%
Feu (Ré-édition)Mal aimé
18%
Les étoiles vagabondes : expansionΌλα Καλά
16%
Black AlbumLes Parisiennes
11%
Feu (Ré-édition)Les bruits de ma ville
10%
En sous-marinMonsieur Sable
9%
FeuNek le fennek
8%
Black AlbumJoint De Culotte
7%
Black AlbumPrincesse De Feu
4%
Black AlbumL'ecchymose
3%
En sous-marinAux portes du succès
2%
En sous-marinDu sexe opposé
2%
Black AlbumFin De Semaine
2%
Black AlbumHommage Aux Petites Graines
2%
Black AlbumJ'aurai Du Continuer Le Rap
2%
Black AlbumJ'élargis Mes Racines
2%
Black AlbumLes Filles De Paris
2%
En sous-marinLève-toi !
2%
En sous-marinNe le dis pas à ma mère
2%
Black AlbumPlus Fort Que Moi
2%
En sous-marinFinal Flash
1%
Black AlbumJ'ignore
1%
Black AlbumL'éclosion Du Mal
1%
En sous-marinLe retour du vrai bail
1%
En sous-marinIntro en sous-soum
0%
Black AlbumJe n'crois Plus En L'homme
0%

Distribution des résultats

Percentile par nombre de réponses

% des personnes avec chaque résultat

Votre développement - résultats

Vous n’avez pas pris ce quiz